Understanding addiction as self medication : (Record no. 69108)
[ view plain ]
| 000 -LEADER | |
|---|---|
| fixed length control field | 02094nam a22003617a 4500 |
| 005 - DATE AND TIME OF LATEST TRANSACTION | |
| control field | 20120817150315.0 |
| 008 - FIXED-LENGTH DATA ELEMENTS--GENERAL INFORMATION | |
| fixed length control field | 120817t xxu||||| |||| 00| 0 eng d |
| 010 ## - LCCN (DPL NO) | |
| LC control number | ENG-105567 |
| 020 ## - INTERNATIONAL STANDARD BOOK NUMBER | |
| International Standard Book Number | 9789380619095 |
| Terms of availability | 195.00 |
| 020 ## - INTERNATIONAL STANDARD BOOK NUMBER | |
| International Standard Book Number | 938061909x |
| Terms of availability | 195.00 |
| 035 ## - SYSTEM CONTROL NUMBER | |
| System control number | EN-89100 |
| 037 ## - SOURCE OF ACQUISITION | |
| Source of stock number/acquisition | DBAD/PUB |
| 040 ## - CATALOGING SOURCE | |
| Original cataloging agency | DPL |
| Language of cataloging | Eng |
| 082 00 - DEWEY DECIMAL CLASSIFICATION NUMBER | |
| Classification number | 616.86 |
| Edition number | 22 |
| 100 1# - MAIN ENTRY--PERSONAL NAME | |
| Personal name | Khantzian, Edward J. |
| 9 (RLIN) | 51233 |
| 245 10 - TITLE STATEMENT | |
| Title | Understanding addiction as self medication : |
| Remainder of title | finding hope behind the pain / |
| Statement of responsibility, etc | by Edward J. Khantzian [and] Mark J. Albanese |
| 260 ## - PUBLICATION, DISTRIBUTION, ETC. (IMPRINT) | |
| Place of publication, distribution, etc | New Delhi |
| Name of publisher, distributor, etc | Good Times Books |
| Date of publication, distribution, etc | 2010 |
| 270 ## - ADDRESS | |
| Address | H-13, Bali Nagar |
| City | New Delhi |
| Postal code | 110015 |
| 300 ## - PHYSICAL DESCRIPTION | |
| Extent | xvi,157p. |
| Dimensions | 22cm(pbk) |
| 500 ## - GENERAL NOTE | |
| General note | Includes bibliographical references and index. |
| 505 0# - FORMATTED CONTENTS NOTE | |
| Formatted contents note | Why the self-medication hypothesis? -- Addiction: disease or disorder -- The SMH and addiction as a problem in self-regulation -- Self-medication hypothesis research: affect regulation and drug preference / Jess J. Suh -- Contexts and models for understanding addiction: a brief overview -- Suffering and self-medication -- Self-medication, psychiatric disorders, and emotional pain -- Trauma and the self-medication hypothesis -- Addiction and the perpetuation of suffering -- Nicotine, marijuana, and the SMH -- Gambling and other behavioral disorders: does the SMH apply? -- The neurobiology of addictions -- How the SMH can guide treatment and recovery. |
| 650 #0 - SUBJECT ADDED ENTRY--TOPICAL TERM | |
| Topical term or geographic name as entry element | Substance abuse. |
| 9 (RLIN) | 51234 |
| 650 #0 - SUBJECT ADDED ENTRY--TOPICAL TERM | |
| Topical term or geographic name as entry element | Self medication. |
| 9 (RLIN) | 51235 |
| 650 #0 - SUBJECT ADDED ENTRY--TOPICAL TERM | |
| Topical term or geographic name as entry element | Compulsive behavior. |
| 9 (RLIN) | 51236 |
| 650 12 - SUBJECT ADDED ENTRY--TOPICAL TERM | |
| Topical term or geographic name as entry element | Substance-Related Disorders |
| General subdivision | psychology. |
| 9 (RLIN) | 51237 |
| 650 22 - SUBJECT ADDED ENTRY--TOPICAL TERM | |
| Topical term or geographic name as entry element | Behavior, Addictive |
| General subdivision | psychology. |
| 9 (RLIN) | 51238 |
| 650 22 - SUBJECT ADDED ENTRY--TOPICAL TERM | |
| Topical term or geographic name as entry element | Self Medication |
| General subdivision | psychology. |
| 9 (RLIN) | 51239 |
| 700 1# - ADDED ENTRY--PERSONAL NAME | |
| Personal name | Albanese, Mark J., |
| Dates associated with a name | 1961- |
| 9 (RLIN) | 51240 |
| 856 41 - ELECTRONIC LOCATION AND ACCESS | |
| Materials specified | Table of contents only |
| Uniform Resource Identifier | <a href="http://www.loc.gov/catdir/toc/ecip0815/2008015248.html">http://www.loc.gov/catdir/toc/ecip0815/2008015248.html</a> |
| 942 ## - ADDED ENTRY ELEMENTS (KOHA) | |
| Source of classification or shelving scheme | Dewey Decimal Classification |
| Item type | English Books |
| Classification part | 616.86 |
| Call number suffix | KHA |
| Withdrawn status | Lost status | Source of classification or shelving scheme | Damaged status | Not for loan | Collection code | Home library | Current library | Date acquired | Source of acquisition | Cost, normal purchase price | Total Checkouts | Full call number | Barcode | Date last seen | Copy number | Cost, replacement price | Koha item type |
|---|---|---|---|---|---|---|---|---|---|---|---|---|---|---|---|---|---|
| Dewey Decimal Classification | Not For Loan | Non-fiction | D.B.Act.Division | D.B.Act.Division | 17/08/2012 | DBAD/PUB | 195.00 | 616.86 KHA | EN-89100 | 17/08/2012 | 1 | 195.00 | English Books |
